000 00394nam a2200145Ia 4500
008 221007s9999 xx 000 0 und d
041 _aeng
082 _bSHI
100 _aShinde N (2k71098)
_9101889
245 2 _aA Comprehensive Study on Job satisfaction in Opus Software Solutions
260 _c2009
_bPune University
_aPune
300 _a62p
520 _aSonar Pranita
906 _bGeneral
999 _c69044
_d69044